000 00780nac a22002417a 4500
001 BR9402787
003 BR-BrBNA
005 20240105121538.0
008 230509b bl.|||m| |||| 00| 0 por d
040 _aBR-BrBNA
_bpor
_cBiblioteca Nacional de Agricultura
072 _aK50; E16
090 _a8911 BR9402787
110 1 _aAssociacao Brasileira do Papelao Ondulado, Sao Paulo, SP (Brasil)
_9340
245 1 _aAnuario estatistico 1993 [ABPO]
260 3 _aSao Paulo, SP (Brasil):
_c1993.
300 _a28 p.
490 _aAnuario Estatistico - Associacao Brasileira do Papelao Ondulado (Brazil)
_v
_x
650 _aPapelao
650 _aCusto de Producao
650 _aEstatistica de Producao
909 _a202312
_bLúcia Elande
_c55
_dLúcia Elande
942 _2AGRIS
_n0
_cMS
999 _c285928
_d285928